00608 2200229 4500001002100000005001500021035002000036007000300056008004100059020002200100082001100122084001700133100001300150245005500163250001000218260003600228300003400264650002800298520003000326990001100356990001100367INLIS00000000000457420191205090641 a0010-1219000026ta191205 g 0 ind  a978-602-6948-84-7 a621.43 a621.43 DAR p0 aDARYANTO1 aPanduan Praktis Perawatan Sepeda Motor /cDaryanto acet.1 aYogyakarta :bGAVA MEDIA,c2017 ax, 317 hlm. :bilus. ;c23 cm 4aSEPEDA MOTOR. PERAWATAN aBibliografi: hlm. 315-317 a7285 a a7285 b